Djurgårdens IF Fotboll Squad 2020 Season - Statistics

General Stats
  • This quiz has been taken 63 times
  • The average score is 15 of 27
Answer Stats
Nbr Post Nationality Answer % Correct
- Manager Sweden Kim Bergstrand
79%
16 Defender Norway Aslak Witry
77%
9 Midfielder Bosnia and Herzegovina Haris Radetinac
75%
4 Defender Sweden Jacob Une Larsson
75%
6 Midfielder Sweden Jesper Karlström
73%
22 Midfielder Zambia Emmanuel Banda
71%
30 GK Sweden Tommi Vaiho
71%
21 Defender Sweden Erik Berg
69%
24 Midfielder England Curtis Edwards
67%
5 Defender Sweden Elliot Käck
67%
23 Midfielder Norway Fredrik Ulvestad
67%
17 Forward Sweden Karl Holmberg
67%
7 Midfielder Sweden Magnus Eriksson
67%
20 Forward Sweden Emir Kujović
63%
12 GK Norway Per Kristian Bråtveit
63%
14 Midfielder Zambia Edward Chilufya
60%
15 Defender Sweden Jonathan Augustinsson
50%
11 Midfielder Sweden Jonathan Ring
50%
19 Midfielder Sweden Nicklas Bärkroth
50%
8 Midfielder Sweden Kevin Walker
48%
2 Defender Sweden Jesper Nyholm
31%
26 Defender Sweden Linus Tagesson
25%
29 Forward Sweden Oscar Petterson
25%
35 GK Norway Erland Tangvik
23%
27 Defender Sweden Melker Jonsson
23%
28 Defender Sweden Alexander Abrahamsson
19%
- Manager Sweden Thomas Berglöf
0%
No matching quizzes found
Score Distribution
Percent of People with Each Score
Percentile by Number Answered
Your Score History
You have not taken this quiz